zpět

Detail výsledku týmu

The Pub Praha 2 PO, Praha

Datum a čas kvízu

23 Celkem bodů Celkový počet nahraných bodů na tomto kvízu bez doplňovacích otázek.
11. Pořadí na kvízu Konečné umístění týmu na tomto kvízu.

Zaznamenané odpovědi

# Otázka Odpověď Body Výsledky
1. Jistý poslanec za SPD minulý t... Radek Koten 0
2. Který stát minulý týden jako p... Řecko 0
3. Minulý týden v úterý oslavil p... Robbie Williams 1
4. Nadnárodní gigant na poli výro... Nike 0
5. Pražská Sparta si z úvodního z... 3:2 1
6. Obec s nejdelším názvem v Česk... A 1
7. Česká republika hraničí se čty... 1B 2A 3D 4C 1
8. Nejníže položené sídlo v České... Hřensko 1
9. V této otázce bude potřeba k z... 1C 2B 3D 4A 0
10. V České republice jsou čtyři ú... NP Šumava 1